000
00326nam a2200133Ia 4500
005
20251222142016.0
008
251222s9999||||xx |||||||||||||| ||spa||
020
_a
84-206-3864-1
082
_a
791.437.5/S25
100
_a
Santamarina, Antonio
245
0
_a
El Cine Negro en 100 PelĂculas
264
_b
Alianza
942
_c
LIB
999
_c
10502
_d
10502